Pays les moins peuplées A-Z - Statistiques

Statistiques générales
  • Ce quiz a été pris 182 fois
  • Le résultat moyen est 17 sur 24
Statistiques - réponses
Lettre Population Pays % Correct
V 1 000 Vatican
89%
Q 3 148 558 Qatar
84%
Y 42 403 215 Yémen
83%
N 12 000 Nauru
81%
U 3 383 942 Uruguay
80%
A 83 058 Andorre
79%
F 935 115 Fidji
79%
Z 17 120 405 Zimbabwe
79%
O 5 595 615 Oman
76%
T 9 000 Tuvalu
74%
P 18 000 Palaos
73%
S 34 000 Saint-Marin
73%
L 40 000 Liechtenstein
72%
M 38 000 Monaco
72%
K 137 058 Kiribati
70%
R 14 741 116 Rwanda
67%
H 9 601 077 Hongrie
64%
J 2 835 827 Jamaïque
63%
B 283 000 Barbade
59%
D 66 000 Dominique
59%
G 117 000 Grenade
58%
E 1 263 404 Eswatini
51%
I 400 115 Islande
41%
C 529 058 Cap-Vert
36%
Aucun quiz correspondant
Distribution des résultats
% des personnes avec chaque résultat
Percentile par nombre de réponses
Votre historique - résultats
Vous n’avez pas pris ce quiz